| 000 | 00566nam a2200205 u 4500 | ||
|---|---|---|---|
| 005 | 20240913064632.0 | ||
| 008 | 100614s2005 mx r 000 0 spa d | ||
| 020 | _a9687748486 | ||
| 035 | _aUPN01000176503 | ||
| 049 | _aCG | ||
| 050 | 4 |
_aPG3325 _bI4a 2005 |
|
| 100 | 1 |
_aDostoyevski, Fëdor Mihajlovic, _d1821-1881 |
|
| 245 | 1 | 3 |
_aEl jugador / _cFedor Dostoyevski ; pról. de Mónica Lavín. |
| 250 | _a2a ed. | ||
| 260 |
_aMéxico : _bLectorum, _c2005. |
||
| 300 | _a157 p. | ||
| 440 | 0 | _aBiblioteca juvenil | |
| 650 | 4 |
_aNovela rusa _912701 |
|
| 905 | _aLibro | ||
| 999 |
_c148606 _d148606 |
||